00260nam a22001097a 4500008004100000082001100041245005300052260000900105300001000114440001600124760001000140180807b xxu||||| |||| 00| 0 eng d a813.52 aFundamental of financial menagementcBRIGHAM.E.F c2001 a1fCD x18004479457 b9 th